000
00272nam a2200109Ia 4500
008
220204s9999 xx 000 0 und d
082
_a
159.9
_b
VIS
100
_a
Viscott, David
245
0
_a
How to live with another person
260
_a
New York
_b
Pocket
_c
1977
942
_c
BK
999
_c
32126
_d
32126